000 02778cam a2200433 i 4500
001 17739190
005 20221220133958.0
008 130515r20132005enk b 001 0 eng d
010 _a 2013409072
015 _aGBB137572
_2bnb
016 7 _a015776780
_2Uk
020 _a9781848858664
_q(pbk.)
020 _a1848858663
_q(pbk.)
035 _a(OCoLC)ocn832570809
040 _aStDuBDS
_beng
_cCUD
_dUKMGB
_dOCLCO
_dBDX
_dWEA
_dTOH
_dOCLCF
_dOCLCQ
_dYDXCP
_dDLC
_erda
042 _alccopycat
043 _aar-----
050 0 0 _aDS247.A138
_bM66 2013
082 0 4 _a320.150953,MON
_222
245 0 0 _aMonarchies and nations :
_bglobalisation and identity in the Arab states of the Gulf /
_cedited by Paul Dresch and James Piscatori.
264 1 _aLondon :
_bI.B. Tauris,
_c2013.
264 4 _c©2013
300 _avii, 311 pages ;
_c24 cm
336 _atext
_btxt
_2rdacontent
337 _aunmediated
_bn
_2rdamedia
338 _avolume
_bnc
_2rdacarrier
505 0 _aIntroduction : societies, identities and global issues / Paul Dresch (Page-1), Channels of interaction : the role of Gulf-owned media firms in globalisation / Naomi Sakr (Page-34), Dialect and national identity : the cultural politics of self-representation in Bahraini Musalsalāt / Clive Holes (Page-52), Cultural construction, the Gulf and Arab London / Christa Salamandra (Page-73), Transnational connections and national identity : Zanzibari Omanis in Muscat / Madawi Al-Rasheed (Page-96), Neither autocracy nor democracy but ethnocracy : citizens, expatriates and the socio-political system in Kuwait / Anh Nga Longva (Page-114), Debates on marriage and nationality in the United Arab Emirates / Paul Dresch (Page-136), Public order and authority : policing Kuwait / Jill Crystal (Page-158), Gender, religious knowledge and education in Oman / Mandana E. Limbert (Page-182), Political actors without the franchise : women and politics in Kuwait / Haya al-Mughni, Mary Ann Tétreault (Page-203), Managing God's guests : the pilgrimage, Saudi Arabia and the politics of legitimacy / James Piscatori (Page-222).
650 0 _aNationalism
_zPersian Gulf States.
_9105378
650 0 _aNational characteristics, Arab.
_9105379
650 7 _aNational characteristics, Arab.
_2fast
_0(OCoLC)fst01033354
_9105379
650 7 _aNationalism.
_2fast
_0(OCoLC)fst01033832
_932070
651 7 _aMiddle East
_zPersian Gulf States.
_2fast
_0(OCoLC)fst01244350
_9105380
700 1 _aDresch, Paul,
_eeditor.
_9105381
700 1 _aPiscatori, James P.,
_eeditor.
_9105382
906 _a7
_bcbc
_ccopycat
_d2
_encip
_f20
_gy-gencatlg
942 _2ddc
_cBK
_k320.150953,MON
999 _c592744
_d592744